Statistics for Capital Cities of Different Things #3

Click here to take the quiz!

General Stats

  • This quiz has been taken 60 times
  • The average score is 13 of 21

Answer Stats

#Capital% Correct
Northern IrelandBelfast
98%
SpainMadrid
98%
South KoreaSeoul
98%
HawaiiHonolulu
93%
PeruLima
93%
SerbiaBelgrade
84%
Austria-HungaryVienna
84%
ZaireKinshasa
71%
VictoriaMelbourne
67%
LeningradSt. Petersburg
65%
Arab LeagueCairo
62%
LazioRome
56%
MaineAugusta
53%
BotswanaGaborone
53%
Kingdom of the Two SiciliesPalermo
53%
ManitobaWinnipeg
53%
CorsicaAjaccio
44%
MaharashtraMumbai
44%
Minas GeraisBelo Horizonte
31%
African UnionAddis Ababa
22%
ShandongJinan
11%

Score Distribution

Percentile by Number Answered

Percent of People with Each Score

Your Score History

You have not taken this quiz